MARC

LEADER 00000nas a2200000 a 4500
001 ssj0013119
003 WaSeSS
005 20200512172242.0
006 m d
007 cr n
008 050614c19739999wauqr pss bo 0 0eng c
010 |a  2009221005 
015 |a GBB516347  |2 bnb 
016 7 |a 016786832  |2 Uk 
022 |a 2056-5666  |l 0148-3331  |y 0148-3331 
035 |a (WaSeSS)ssj0013119 
037 |b Sage Publications Ltd., 1 Oliver's Yard, 55 City Rd, London, EC1Y 1SP United Kingdom 
037 |a 22573/ctt20sbbf  |b JSTOR 
040 |a OCLCS  |b eng  |c OCLCS  |d AUD  |d ATL  |d MUQ  |d OCLCQ  |d OCLCF  |d TXA  |d OCLCQ  |d CUS  |d TEF  |d NLE  |d DLC  |d KSU  |d UKMGB  |d VT2  |d NJT  |d CUS  |d WaSeSS 
042 |a pcc 
050 0 0 |a PN49  |b .C49 
082 0 4 |a 810/.8/0054 
082 0 4 |a 260  |a 800 
222 0 |a Christianity and literature  |b (Online) 
245 0 0 |a Christianity and literature  |h [electronic resource]. 
246 1 |a Christianity & literature 
260 |a [University Park, Pa.] :  |b [Conference on Christianity and Literature],  |c [1973]- 
310 |a Quarterly 
362 1 |a Began with: Vol. 22, no. 2 (winter 1973). 
506 |a License restrictions may limit access. 
538 |a Mode of access: World Wide Web. 
555 |a Index to bibliography and book reviews: Vols. 26-27, 1976-78, in v. 28, no. 1. 
588 |a Description based on: Vol. 22, no. 2 (winter 1973); title from cover (ATLASerials, viewed Jan. 13, 2009). 
588 |a Latest issue consulted: 63 (2) (Mar. 2014) (SAGE Publications, viewed Jan. 23, 2015). 
650 0 |a Christianity and literature  |v Periodicals. 
650 6 |a Christianisme et littérature  |v Périodiques. 
650 7 |a Christianity and literature.  |2 fast  |0 (OCoLC)fst00859681 
655 0 |a Electronic journals. 
710 2 |a Conference on Christianity and Literature (U.S.) 
776 0 8 |i Print version:  |t Christianity and literature  |x 0148-3331  |w (DLC) 77647820  |w (OCoLC)3128374 
780 0 0 |t Newsletter of the Conference on Christianity and Literature (Online)  |x 2577-9133  |w (DLC) 2009221006  |w (OCoLC)298439011 
856 4 0 |z Full text available from Research Library: 10/01/2004 to 01/31/2005  |u https://search.proquest.com/publication/32522